00274nam a2200109Ia 4500008004100000041000800041082001200049100001000061245003700071260003200108300002400140240624s9999 xx 000 0 und d aeng a657 ICF aICFAI aFINANCIAL ACCOUNTING WORKBOOK II aHyderabadbICFAI University a362 : p. : cm. ; 28